The Climate-conscious Generation: The Influence of Sustainability Education and Influencers on Generation Z's Climate Responsibility

Skúmanie, ako predchádzajúce vzdelanie a influenceri ovplyvňujú povedomie o udržateľnosti medzi generáciou Z na Slovensku. Generácia Z je kľúčová pre formovanie trendov v oblasti obnoviteľných zdrojov energie, udržateľnej módy a zodpovednej spotreby. Výsledky ukazujú, že najmä influenceri významne o...

Descripción completa

Guardado en:
Detalles Bibliográficos
Autor principal: Chomová, Katarína, 1983-
Otros Autores: Kopaničová, Janka, 1979-, Klepochová, Dagmar, 1968-, Korčoková, Marína, 1970-
Formato: Capítulo de libro
Lenguaje:inglés
Materias:
Etiquetas: Agregar Etiqueta
Sin Etiquetas, Sea el primero en etiquetar este registro!

MARC

LEADER 00000naa$a2200000$$$4500
001 0313171
005 20251113105804.7
041 0 |a eng 
044 |a SK 
245 1 0 |a The Climate-conscious Generation: The Influence of Sustainability Education and Influencers on Generation Z's Climate Responsibility  |c Katarína Chomová, Janka Kopaničová, Dagmar Klepochová, Marína Korčoková 
520 |a Skúmanie, ako predchádzajúce vzdelanie a influenceri ovplyvňujú povedomie o udržateľnosti medzi generáciou Z na Slovensku. Generácia Z je kľúčová pre formovanie trendov v oblasti obnoviteľných zdrojov energie, udržateľnej módy a zodpovednej spotreby. Výsledky ukazujú, že najmä influenceri významne ovplyvňujú zodpovedné povedomie o environmentálnych a sociálnych otázkach. Tieto zistenia ponúkajú cenné informácie pre tvorcov politík, pedagógov a marketérov o tom, ako efektívne využiť vzdelávanie a influencerov na podporu udržateľnosti na Slovensku. 
610 2 0 |a udržateľnosť 
610 2 0 |a generácie 
610 2 0 |a influencer marketing 
610 2 0 |a vzdelávanie 
610 2 0 |a zmeny klimatické 
610 2 0 |a zodpovednosť 
100 1 |a Chomová, Katarína, 1983- 
700 1 |a Kopaničová, Janka, 1979- 
700 1 |a Klepochová, Dagmar, 1968- 
700 1 |a Korčoková, Marína, 1970-